|
|
|
|
| LEADER |
00000cam a2200000 a 4500 |
| 001 |
34276 |
| 003 |
CZ-ZlUTB |
| 005 |
20190826000425.0 |
| 007 |
ta |
| 008 |
050201s2004 xr f 000 0 cze |
| 020 |
|
|
|a 8072720309
|q (brož.)
|
| 040 |
|
|
|a ABA001
|b cze
|d ZLD002
|
| 045 |
|
|
|a x-y0
|
| 072 |
|
7 |
|a 14(100-15)"15/20"
|x Moderní západní filozofie
|2 Konspekt
|9 5
|
| 080 |
|
|
|a 304.3"19/20"
|2 MRF
|
| 080 |
|
|
|a 159.955
|2 MRF
|
| 080 |
|
|
|a 101
|2 MRF
|
| 080 |
|
|
|a (0:82-4)
|2 MRF
|
| 100 |
1 |
|
|a Wellmer, Albrecht,
|d 1934-
|7 xx0028716
|4 aut
|
| 245 |
1 |
0 |
|a K dialektice moderny a postmoderny :
|b kritika rozumu po Adornovi /
|c Albrecht Wellmer ; [z německého originálu ... přeložil David Mik]
|
| 246 |
3 |
0 |
|a Kritika rozumu po Adornovi
|
| 260 |
|
|
|a Praha :
|b Dauphin,
|c 2004
|
| 300 |
|
|
|a 117 s. ;
|c 20 cm
|
| 490 |
1 |
|
|a LEF ;
|v 1. sv.
|
| 500 |
|
|
|a 1000 výt.
|
| 504 |
|
|
|a Obsahuje bibliografické odkazy
|
| 655 |
|
7 |
|a úvahy
|7 fd134000
|2 czenas
|
| 655 |
|
9 |
|a essays
|2 eczenas
|
| 650 |
0 |
7 |
|a postmodernismus
|7 ph124403
|2 czenas
|
| 650 |
0 |
7 |
|a rozum
|7 ph198708
|2 czenas
|
| 650 |
0 |
7 |
|a filozofie
|7 ph114540
|y 20.-21. století
|2 czenas
|
| 650 |
0 |
9 |
|a postmodernism
|2 eczenas
|
| 650 |
0 |
9 |
|a reason
|2 eczenas
|
| 650 |
0 |
9 |
|a philosophy
|y 20th-21st centuries
|2 eczenas
|
| 700 |
1 |
|
|a Mik, David
|7 jn20010309480
|4 trl
|
| 765 |
0 |
|
|t Zur Dialektik von Moderne und Postmoderne
|9 Česky
|
| 830 |
|
0 |
|a LEF
|0 s
|
| 910 |
|
|
|a ZLD002
|
| 952 |
|
|
|0 0
|1 0
|4 0
|6 1WELLMERA
|7 0
|8 BOOK
|9 78946
|a UTBZL
|b UTBZL
|c 005
|d 2008-01-28
|l 0
|o 1/WELLMER,A.
|p 420010113973
|r 2019-08-26 00:00:00
|v 148.00
|w 2019-08-26
|x N:nákup | 20100831
|y 01
|
| 952 |
|
|
|0 0
|1 0
|4 0
|6 1WELLMERA
|7 0
|8 BOOK
|9 78947
|a UTBZL
|b UTBZL
|c 006
|d 2008-01-28
|l 7
|o 1/WELLMER,A.
|p 420010113974
|r 2019-08-26 00:00:00
|v 148.00
|w 2019-08-26
|x N:nákup | 20100831
|y 04
|
| 952 |
|
|
|0 0
|1 0
|4 0
|6 1WELLMERA
|7 0
|8 BOOK
|9 78948
|a UTBZL
|b UTBZL
|c 019
|d 2008-01-02
|l 1
|m 2
|o 1/WELLMER,A.
|p 420010112768
|q 2028-12-21
|r 2019-08-26 00:00:00
|v 148.00
|w 2019-08-26
|x N:nákup | 20100531
|y 08
|
| 992 |
|
|
|a BK
|b SK
|d 8
|
| 999 |
|
|
|c 34276
|d 34276
|